LEADER 00874nam0-22002891i-450 001 990001624860403321 005 20190529131313.0 035 $a000162486 035 $aFED01000162486 035 $a(Aleph)000162486FED01 035 $a000162486 100 $a20030910d1932----km-y0itay50------ba 101 0 $aita 200 1 $aContributo alla conoscenza degli scolitidi III$eI lesinini dell' olivo$fGiuseppe Russo 210 $aSpoleto$cPanetto & Petrelli$d1932 215 $ap. 87-114, tav.$d26 cm 610 0 $aOlea europaea 610 0 $aColeoptera 676 $a634.639 700 1$aRusso,$bGiuseppe$f<1897-1978 ;$centomologo>$0433525 801 0$aIT$bUNINA$gRICA$2UNIMARC 901 $aLG 912 $a990001624860403321 952 $a60 OP. 35/22$b38098$fFAGBC 959 $aFAGBC 996 $aContributo alla conoscenza degli scolitidi III$9366461 997 $aUNINA LEADER 01360nam 2200421 450 001 9910578698203321 005 20221223184040.0 010 $a3-031-02047-2 035 $a(MiAaPQ)EBC7018948 035 $a(Au-PeEL)EBL7018948 035 $a(CKB)23899476400041 035 $aEBL7018948 035 $a(AU-PeEL)EBL7018948 035 $a(EXLCZ)9923899476400041 100 $a20221223d2022 uy 0 101 0 $aeng 135 $aurcnu|||||||| 181 $ctxt$2rdacontent 182 $cc$2rdamedia 183 $acr$2rdacarrier 200 10$aElements of advanced manufacturing theory /$fBruno G. Ru?ttimann and Martin T. Sto?ckli 210 1$aCham, Switzerland :$cSpringer,$d[2022] 210 4$dİ2022 215 $a1 online resource (176 pages) 300 $aDescription based upon print version of record. 311 08$aPrint version: Rüttimann, Bruno G. Elements of Advanced Manufacturing Theory Cham : Springer International Publishing AG,c2022 9783031020469 606 $aLean manufacturing 615 0$aLean manufacturing. 676 $a658.5 700 $aRu?ttimann$b Bruno G.$0976575 702 $aSto?ckli$b Martin T. 801 0$bMiAaPQ 801 1$bMiAaPQ 801 2$bMiAaPQ 906 $aBOOK 912 $a9910578698203321 996 $aElements of Advanced Manufacturing Theory$92881833 997 $aUNINA